|
|
|
|
| LEADER |
00000nas a22000007i 4500 |
| 001 |
ssj0001454257 |
| 003 |
WaSeSS |
| 005 |
20200512172242.0 |
| 006 |
m d |
| 007 |
cr n |
| 008 |
140725c20089999nyuqr p s 0 a0eng |
| 010 |
|
|
|a 2014202918
|
| 022 |
|
|
|a 2374-0809
|l 1941-3955
|y 1941-3955
|
| 035 |
|
|
|a (WaSeSS)ssj0001454257
|
| 037 |
|
|
|b Nova Science Publishers, Inc., 400 Oser Avenue, Suite 1600, Hauppauge, NY 11788-3619
|c $55.00
|
| 040 |
|
|
|a DLC
|b eng
|c DLC
|d OCLCO
|d COO
|d AU@
|d WaSeSS
|
| 042 |
|
|
|a pcc
|a nsdp
|
| 082 |
1 |
0 |
|a 541.22
|2 14
|
| 210 |
0 |
|
|a Int. j. chem. model.
|b (Online)
|
| 222 |
|
0 |
|a International journal of chemical modeling
|b (Online)
|
| 245 |
0 |
0 |
|a International journal of chemical modeling
|h [electronic resource].
|
| 260 |
|
|
|a Hauppauge, NY :
|b Nova Science Publishers,
|c 2008-
|
| 310 |
|
|
|a Quarterly
|
| 362 |
1 |
|
|a Began with: Volume 1, issue 1 (2008).
|
| 506 |
|
|
|a License restrictions may limit access.
|
| 588 |
|
|
|a Description based on: Volume 1, issue 1 (2008); title from PDF cover image (Nova Science website, viewed on July 25, 2014).
|
| 588 |
|
|
|a Latest issue consulted: Volume 5, issue 2/3 (2013) (viewed on July 25, 2014).
|
| 650 |
|
0 |
|a Chemical models
|v Periodicals.
|
| 650 |
|
7 |
|a Chemical models.
|2 fast
|0 (OCoLC)fst00853066
|
| 655 |
|
0 |
|a Electronic journals.
|
| 776 |
0 |
8 |
|i Print version:
|t International journal of chemical modeling
|x 1941-3955
|w (DLC) 2008213010
|w (OCoLC)192002697
|
| 856 |
4 |
0 |
|z Full text available from Research Library: 01/01/2011 to 04/30/2017
|u https://search.proquest.com/publication/2034873
|